[Event "Mumbai ICS-ch"]
[Site "Mumbai"]
[Date "2022.09.25"]
[Round "2"]
[White "Karade, Sarvesh Madhukar"]
[Black "Jadhav, Vishwadeep"]
[Result "0-1"]
[WhiteElo "1146"]
[BlackElo "1451"]
[PlyCount "128"]
[EventDate "2022.09.25"]
[EventType "swiss"]
[EventRounds "8"]
[EventCountry "IND"]
[SourceTitle "EXT 2023"]
[Source "ChessBase"]
[SourceDate "2022.10.05"]
[SourceVersion "1"]
[SourceVersionDate "2022.10.05"]
[SourceQuality "1"]

1. e4 c6 2. d4 d5 3. e5 c5 4. c3 Nc6 5. Nf3 Bg4 6. Bb5 e6 7. h3 Bh5 8. g4 Bg6 9. Bg5 Qb6 10. Qa4 a6 11. Bxc6+ bxc6 12. 0-0 h5 13. Re1 hxg4 14. hxg4 Be7 15. Bxe7 Nxe7 16. b3 Kd7 17. Nbd2 Rh3 18. Kg2 Rhh8 19. Rad1 Bc2 20. Rc1 Bd3 21. dxc5 Qxc5 22. b4 Qb6 23. c4 Ng6 24. cxd5 Nf4+ 25. Kg3 Ne2+ 26. Rxe2 Bxe2 27. dxe6+ fxe6 28. Nc4 Bxc4 29. Rxc4 Rac8 30. Qd1+ Kc7 31. Qd6+ Kb7 32. Qxe6 Rh6 33. Qd7+ Rc7 34. Qe8 Qb5 35. Rd4 Qf1 36. Rd7 Rh3+ 37. Kf4 Qc1+ 38. Nd2 Qc3 39. Rxc7+ Kxc7 40. Qe7+ Kb8 41. Qd8+ Kb7 42. Qd7+ Kb6 43. f3 Qxb4+ 44. Ne4 Qf8+ 45. Qf5 Qa3 46. Kg5 Rxf3 47. Nd6 Rxf5+ 48. Nxf5 Qxa2 49. Nxg7 Qf7 50. Nf5 a5 51. Nd6 Qe6 52. Kf4 a4 53. g5 a3 54. g6 a2 55. g7 a1Q 56. g8Q Qxg8 57. Kf5 Qf1+ 58. Ke4 Qd5+ 59. Ke3 Qxe5+ 60. Ne4 Qh3+ 61. Kd2 Qd4+ 62. Kc2 Qxe4+ 63. Kd2 Qeg2+ 64. Ke1 Qhh1# 0-1